| Поле | Инд. | ПП | Название | Значение |
|---|---|---|---|---|
| Тип записи | a | |||
| Библиографический уровень | m | |||
| 001 | Контрольный номер | RU/LIBMSTU/308070366 | ||
| 005 | Дата корректировки | 20160518102126.6 | ||
| 008 | Кодируемые данные | 091006|||||||||ru |||||||||||000|||rus|| | ||
| 020 | a | ISBN | 978-5-9532-0604-4 | |
| c | Цена, тираж | 184-80 | ||
| 040 | b | Код языка каталог. | rus | |
| 041 | 0_ | a | Код языка текста | rus |
| 084 | a | Индекс другой классификации/Индекс ББК | 36.94я7 | |
| 090 | a | Полочн. индекс | 36.94 | |
| x | Авторский знак | Г 83 | ||
| 100 | 1_ | a | Автор | Григорьев А. А. |
| 245 | 10 | a | Заглавие | Введение в технологию отрасли. Технология рыбы и рыбных продуктов |
| b | Продолж. заглавия | учеб. пособие [для вузов] | ||
| 260 | a | Место издания | Москва | |
| b | Издательство | КолосС | ||
| c | Дата издания | 2008 | ||
| 300 | a | Объем | 111, [1] с. | |
| b | Иллюстрации/ тип воспроизводства | ил. | ||
| 440 | _0 | a | Серия | Учебники и учебные пособия для студентов высших учебных заведений |
| 504 | a | Библиография | Библиогр.: с. 110 | |
| 650 | 04 | a | Основная рубрика | Рыбные продукты-Производство-Учебные издания для высших учебных заведений |
| 653 | 0_ | a | Ключевые слова | Водоросли морские |
| a | Ключевые слова | Вяление рыбы | ||
| a | Ключевые слова | Замораживание рыбы | ||
| a | Ключевые слова | Инженер-технолог | ||
| a | Ключевые слова | Копчение рыбы | ||
| a | Ключевые слова | Кормовые рыбные продукты | ||
| a | Ключевые слова | Посол рыбы | ||
| a | Ключевые слова | Пресервы рыбные | ||
| a | Ключевые слова | Рыбные продукты | ||
| 700 | 12 | a | Другие авторы | Касьянов Г. И. |
| 901 | t | Тип документа | m | |
| 952 | b | Гриф литературы для ВШ | Рекомендовано УМО | |
| c | Вид литературы | учебное пособие |